LEADER 01445nam 2200361 n 450 001 996395153703316 005 20221102114046.0 035 $a(CKB)3810000000012141 035 $a(EEBO)2248539355 035 $a(UnM)9958878700971 035 $a(EXLCZ)993810000000012141 100 $a19980715d1680 uy 101 0 $aeng 135 $aurbn||||a|bb| 200 04$aThe Debtford frolick, or, A hue-and-cry after Shag-Breeches$b[electronic resource] $eyoung women all, both great and small, that handleth pot or paile; for some I hear, and greatly fear, do oft play with their tayl. Tune of, the fair one let me in 210 $a[London] $cPrinted for P. brooksby [sic] at the Harp in Py [sic] Corner$d[1680?] 215 $a1 sheet ([1] p.) $cill. (woodcuts) 300 $aDate of publication from Wing CD-ROM, 1996. 300 $aVerse: "One night when blustring winds blew ( [sic] cold,". 300 $aImperfect: heavily stained. 300 $aReproduction of original in the British Library. 330 $aeebo-0018 606 $aBallads, English$y17th century 606 $aAdultery$zEngland$vEarly works to 1800 608 $aBroadsides$zEngland$y17th century.$2rbgenr 615 0$aBallads, English 615 0$aAdultery 801 0$bCu-RivES 801 1$bCu-RivES 906 $aBOOK 912 $a996395153703316 996 $aThe Debtford frolick, or, A hue-and-cry after Shag-Breeches$92413484 997 $aUNISA LEADER 01452nam 2200397 n 450 001 996391371203316 005 20240201105408.0 035 $a(CKB)1000000000666322 035 $a(EEBO)2240867933 035 $a(UnM)99829848 035 $a(UnM)9928055300971 035 $a(EXLCZ)991000000000666322 100 $a19950629d1672 uy | 101 0 $alat 135 $aurbn#|||a|bb| 200 00$aPhædri Augusti Cæsaris liberti fabularum Æsopiarum libri quinque$b[electronic resource] $eEx recensione Christoph. VVase. in usum scholarum Angliæ 210 $aLondini $cexcudebat B.G. pro Ben. Took & prostant venales sub signo Navis in C?meiterio Divi Pauli$d1672 215 $a[6], 58 p 300 $aRunning title: Phædri fabularum. 300 $aAn adaptation by the Latin fabulist Phædrus of the Greek fables of Æsop. 300 $aReproduction of the original in the Bodleian Library. 330 $aeebo-0014 606 $aFables, Latin$vEarly works to 1800 606 $aFables, Greek$xAdaptions$vEarly works to 1800 615 0$aFables, Latin 615 0$aFables, Greek$xAdaptions 700 $aPhaedrus$0180711 701 $aWase$b Christopher$f1625?-1690.$0744074 801 0$bCu-RivES 801 1$bCu-RivES 801 2$bCStRLIN 801 2$bWaOLN 906 $aBOOK 912 $a996391371203316 996 $aPhædri Augusti Cæsaris liberti fabularum Æsopiarum libri quinque$93881326 997 $aUNISA